00958cam a2200301 a 45000010008000000030004000080050017000120080041000290100017000700200015000870350025001020350025001270400020001520420014001720820017001861100020002032450056002232600039002793000025003185000055003435000022003985000068004205040051004886100020005396500018005596500035005777100044006123988222OSt20230704121614.0950714s1994 nyu b i001 0 eng d a 95170440  a9211541077 a(CStRLIN)MAHL95-B945 a(HOL)BAE2988-5/LAW/1 aMH-LcMH-LdDLC alccopycat00a341.481bUNA2 aUnited Nations.10aUnited Nations action in the field of human rights. aNew York :bUnited Nations,c1994. axi, 417 p. ;c30 cm. aAt head of title: Centre for Human Rights, Geneva. a"ST/HR/2/Rev. 4." a"United Nations publication sales no. E.94.XIV.11"--T.p. verso. aIncludes bibliographical references and index.20aUnited Nations. 0aHuman rights. 0aHuman rights field operations.2 aUnited Nations Centre for Human Rights.